000 nam a22 4500
999 _c9088
_d9088
008 180410b ||||| |||| 00| 0 eng d
245 _aSome gut microbes protect against malnutrition's harms.
260 _aPhilippines
_bThe Philippine Star
_cc2016
300 _apage 22.
650 0 _927237
_aMalnutrition.
942 _2ddc
_cPER